Štatistické preberania

Salvato in:
Dettagli Bibliografici
Natura: Libro
Lingua:slovacco
Pubblicazione: Bratislava : Dom techniky ČSVTS, 1977
Soggetti:
Tags: Aggiungi Tag
Nessun Tag, puoi essere il primo ad aggiungerne!!

MARC

LEADER 00000nam a22000003a 4500
001 stu42971
005 20150408180509.6
008 940608s1977----cs------------------slo-d
040 |a STU  |b slo 
041 0 |a slo 
044 |a cs 
080 |a 311.1 
245 |a Štatistické preberania 
260 |a Bratislava :  |b Dom techniky ČSVTS,  |c 1977 
300 |a 100 s 
650 7 |a štatistika  |2 stusub 
650 7 |a pojmy  |2 stusub 
996 |b 284M012156  |c M*6123-1  |l MMKN  |s A  |a 24  |w stu42971_0001